Textbook of diagnostic microbiology (Record no. 395223)

MARC details
000 -LEADER
fixed length control field 00604 a2200229 4500
005 - DATE & TIME
control field 20260121110706.0
008 - FIXED-LENGTH DATA ELEMENTS--GENERAL INFORMATION
fixed length control field 260119b |||||||| |||| 00| 0 eng d
020 ## - ISBN
International Standard Book Number 9780323829977
Price $142.99
040 ## - CATALOGING SOURCE
Original cataloging agency VIVEKANANDA LIBRARY
082 ## - DDC NUMBER
Classification number 616.9041
Book Number M279T(7)
100 ## - MAIN ENTRY--PERSONAL NAME
Personal name Mahon, Connie R, ed.
245 ## - TITLE STATEMENT
Title Textbook of diagnostic microbiology
250 ## - EDITION STATEMENT
Edition statement 7th
260 ## - PUBLICATION, DISTRIBUTION, ETC. (IMPRINT)
Name of publisher, distributor, etc Elsevier
Date of publication, distribution, etc 2023
Place of publication, distribution, etc Missouri
300 ## - PHYSICAL DESCRIPTION
Pages xii, 1105
650 ## - Subject
Subject Diseases
650 ## - Subject
Subject Infections Diseases
650 ## - Subject
Subject Laboratory Diagnoises
650 ## - Subject
Subject Medical Biotechnology
700 ## - Added Entry Personal Name
Added Entry Personal Name Lehman, Donald C, ed.
942 ## - ADDED ENTRY ELEMENTS (KOHA)
Koha item type Books
Holdings
Withdrawn status Lost status Source of classification or shelving scheme Damaged status Not for loan Location (home branch) Sublocation or collection (holding branch) Shelving location Date acquired Koha issues (times borrowed) Koha full call number Accession No. Koha date last seen Koha item type
    Dewey Decimal Classification     VIVEKANANDA LIBRARY VIVEKANANDA LIBRARY Vivekananda Library 06/01/2026   616.9041 M279T(7) 444181 06/01/2026 Books
© Designed and Maintained by Vivekananda Library, MDU Rohtak